| 000 | 00362pab a2200145 454500 | ||
|---|---|---|---|
| 008 | 180718b2000 xxu||||| |||| 00| 0 eng d | ||
| 100 | _aRangarajan, C. | ||
| 245 | _aEconomic reforms in India - some issues and concerns | ||
| 260 | _c2000 | ||
| 300 | _ap.1-5 | ||
| 362 | _aApr | ||
| 650 | _aEconomic reform | ||
| 773 | _aAsian Economic Review | ||
| 909 | _a45337 | ||
| 999 |
_c45337 _d45337 |
||